[Event "SWE-ch"]
[Site "Stockholm"]
[Date "2017.07.07"]
[Round "1"]
[White "Grandelius, Nils"]
[Black "Westerberg, Jonathan"]
[Result "1/2-1/2"]
[WhiteElo "2642"]
[BlackElo "2469"]
[PlyCount "82"]
[EventDate "2017.07.07"]
[EventType "tourn"]
[EventRounds "9"]
[EventCountry "SWE"]
[EventCategory "10"]
[SourceTitle "CBM 179 Extra"]
[Source "ChessBase"]
[SourceDate "2017.08.23"]
[SourceVersion "1"]
[SourceVersionDate "2017.08.23"]
[SourceQuality "1"]
1. c4 e6 2. Nc3 d5 3. d4 a6 4. cxd5 exd5 5. Qb3 Nc6 6. Nf3 Bb4 7. Bf4 Nge7 8.
e3 O-O 9. Be2 Kh8 10. O-O Bd6 11. Bxd6 Qxd6 12. Rac1 Bg4 13. Rfd1 Rab8 14. Na4
Nd8 15. Nc5 c6 16. Qb4 Nc8 17. Qd2 Ne6 18. e4 dxe4 19. Nxe4 Qf4 20. Nc5 Qxd2
21. Rxd2 Nf4 22. Bd1 Nd6 23. h3 Bf5 24. Bb3 Rbe8 25. Kh2 Ne4 26. Nxe4 Bxe4 27.
Ne5 Bd5 28. Nd7 Rg8 29. Nb6 Bxb3 30. axb3 Rd8 31. Re1 Rge8 32. Re3 Kg8 33. Kg3
Ne6 34. d5 cxd5 35. Rxd5 Rxd5 36. Nxd5 Rd8 37. Nb6 Kf8 38. f4 Rd6 39. Nc4 Rd5
40. Kf3 g6 41. g3 b5 1/2-1/2

[Event "SWE-ch"]
[Site "Stockholm"]
[Date "2017.07.07"]
[Round "1"]
[White "Hector, Jonny"]
[Black "Blomqvist, Erik"]
[Result "1-0"]
[WhiteElo "2497"]
[BlackElo "2552"]
[PlyCount "123"]
[EventDate "2017.07.07"]
[EventType "tourn"]
[EventRounds "9"]
[EventCountry "SWE"]
[EventCategory "10"]
[SourceTitle "CBM 179 Extra"]
[Source "ChessBase"]
[SourceDate "2017.08.23"]
[SourceVersion "1"]
[SourceVersionDate "2017.08.23"]
[SourceQuality "1"]
1. e4 c5 2. Nf3 d6 3. d4 cxd4 4. Nxd4 Nf6 5. Nc3 Nc6 6. Bg5 e6 7. Qd2 a6 8.
O-O-O h6 9. Nxc6 bxc6 10. Bf4 d5 11. Qe3 Bb4 12. Be2 O-O 13. e5 Nh7 14. h4 f6
15. Ne4 Qa5 16. a3 dxe4 17. axb4 Qa1+ 18. Kd2 Qxb2 19. Qxe4 Rd8+ 20. Ke3 Bb7
21. Rb1 Qc3+ 22. Bd3 f5 23. Qc4 Qxc4 24. Bxc4 Kf7 25. Rbd1 Nf8 26. h5 Rdc8 27.
f3 c5 28. Rb1 Bd5 29. Bd3 cxb4 30. Rxb4 a5 31. Rd4 a4 32. Ra1 a3 33. Rb4 Ra5
34. Ke2 Nd7 35. g4 fxg4 36. fxg4 Bc6 37. Bg6+ Ke7 38. Kf2 Nxe5 39. Bxe5 Rxe5
40. Rxa3 Rf8+ 41. Kg3 Re1 42. Rd4 Rg1+ 43. Kh4 Rh1+ 44. Kg3 Rff1 45. Ra7+ Kf6
46. Rf4+ Rxf4 47. Kxf4 Rf1+ 48. Ke3 Rf3+ 49. Kd2 Rf4 50. Rf7+ Ke5 51. Rxg7 Rxg4
52. Rh7 Be4 53. Bxe4 Kxe4 54. Rxh6 e5 55. Rh8 Rg2+ 56. Kc3 Rh2 57. h6 Ke3 58.
h7 e4 59. Kb4 Ke2 60. c4 e3 61. c5 Rh6 62. Kb5 1-0

[Event "SWE-ch"]
[Site "Stockholm"]
[Date "2017.07.07"]
[Round "1"]
[White "Smith, Axel"]
[Black "Sagit, Rauan"]
[Result "1/2-1/2"]
[WhiteElo "2505"]
[BlackElo "2406"]
[PlyCount "62"]
[EventDate "2017.07.07"]
[EventType "tourn"]
[EventRounds "9"]
[EventCountry "SWE"]
[EventCategory "10"]
[SourceTitle "CBM 179 Extra"]
[Source "ChessBase"]
[SourceDate "2017.08.23"]
[SourceVersion "1"]
[SourceVersionDate "2017.08.23"]
[SourceQuality "1"]
1. e4 c5 2. Nf3 d6 3. Nc3 Nf6 4. e5 dxe5 5. Nxe5 a6 6. g3 e6 7. Bg2 Be7 8. O-O
O-O 9. a4 Nbd7 10. Nc4 Nb6 11. Ne3 a5 12. b3 Nfd5 13. Bb2 Nb4 14. Nb5 Nc6 15.
Bxc6 bxc6 16. Na3 Bf6 17. Bxf6 Qxf6 18. Nac4 Nxc4 19. Nxc4 Ba6 20. d3 Bxc4 21.
dxc4 Rfd8 22. Qe1 Rd4 23. Rd1 Qf5 24. Qc3 Rad8 25. Rc1 Ra8 26. Rfe1 h5 27. Qe3
Rad8 28. Qe5 Qf3 29. Qe2 Qf5 30. Qe5 Qf3 31. Qe2 Qf5 1/2-1/2

[Event "SWE-ch"]
[Site "Stockholm"]
[Date "2017.07.07"]
[Round "1"]
[White "Berg, Emanuel"]
[Black "Jogstad, Martin"]
[Result "1-0"]
[WhiteElo "2557"]
[BlackElo "2291"]
[PlyCount "71"]
[EventDate "2017.07.07"]
[EventType "tourn"]
[EventRounds "9"]
[EventCountry "SWE"]
[EventCategory "10"]
[SourceTitle "CBM 179 Extra"]
[Source "ChessBase"]
[SourceDate "2017.08.23"]
[SourceVersion "1"]
[SourceVersionDate "2017.08.23"]
[SourceQuality "1"]
1. e4 c5 2. Nf3 e6 3. b3 b6 4. Bb2 Bb7 5. Nc3 Nc6 6. Bd3 Nf6 7. e5 Nh5 8. O-O
Nf4 9. Be4 Be7 10. d4 cxd4 11. Nxd4 Qb8 12. Nxc6 dxc6 13. Qf3 Nd5 14. Ne2 Qc7
15. c4 Nb4 16. a3 Na6 17. Nd4 Nc5 18. Bxc6+ Bxc6 19. Nxc6 Rc8 20. Nxe7 Qxe7 21.
Rad1 O-O 22. Rd4 Rfd8 23. Rfd1 Rxd4 24. Rxd4 Rd8 25. b4 Nb7 26. Qc6 h6 27. g3
Kf8 28. h4 g6 29. Bc3 Rxd4 30. Bxd4 Nd8 31. Qc8 Kg7 32. c5 g5 33. hxg5 hxg5 34.
cxb6 axb6 35. Bxb6 Nb7 36. Bc7 1-0

[Event "SWE-ch"]
[Site "Stockholm"]
[Date "2017.07.07"]
[Round "1"]
[White "Tikkanen, Hans"]
[Black "Hillarp Persson, Tiger"]
[Result "1-0"]
[WhiteElo "2503"]
[BlackElo "2509"]
[PlyCount "84"]
[EventDate "2017.07.07"]
[EventType "tourn"]
[EventRounds "9"]
[EventCountry "SWE"]
[EventCategory "10"]
[SourceTitle "CBM 179 Extra"]
[Source "ChessBase"]
[SourceDate "2017.08.23"]
[SourceVersion "1"]
[SourceVersionDate "2017.08.23"]
[SourceQuality "1"]
1. d4 d5 2. c4 c6 3. Nc3 Nf6 4. e3 a6 5. Nf3 b5 6. b3 Bg4 7. Be2 e6 8. O-O Nbd7
9. h3 Bf5 10. Bb2 Bd6 11. Nh4 Be4 12. f3 Bg6 13. c5 Bc7 14. f4 Ne4 15. Nxg6
Nxc3 16. Bxc3 hxg6 17. a4 f5 18. Qd2 Kf7 19. axb5 axb5 20. Rxa8 Qxa8 21. Ra1
Qb7 22. Qa2 Bb8 23. Qa6 Qxa6 24. Rxa6 Rc8 25. Ba5 Ke7 26. g4 Nf6 27. g5 Ng8 28.
Kf2 Kd7 29. Ke1 Ne7 30. Kd2 Rh8 31. Bf1 Kc8 32. Kc3 Kb7 33. Rb6+ Kc8 34. Ra6
Kb7 35. Rb6+ Kc8 36. Kb4 Bc7 37. Ra6 Kb7 38. Bxb5 cxb5 39. Kxb5 Bxa5 40. Kxa5
Nc6+ 41. Kb5 Na7+ 42. Ka5 Nc6+ 1-0